000 00250nam a22001097a 4500
082 _a403
100 _aNarayan, Rajneesh
_980572
245 _aDictionary of Computer
260 _aDelhi
_bMukund Pub
_c2018
650 _aDictionary
_980573
942 _cBK
999 _c63897
_d63897